000 01671nam a2200277 a 4500
001 1893230
003 AM-YEHGA
005 20250617164704.0
008 230328s2023 ai ad|||||||||||||0|arm|d
020 _a9789939791319
040 _aAM-YeHGA
041 0 _aarm
100 1 _aՄամյան, Վահան Կառլենի
245 1 0 _aԾրագրավորման հիմունքներ : Խնդիրներ և վարժություններ ։
_bՈւսումնական ձեռնարկ /
_cՎ.Կ. Մամյան ; Գրախոսներ՝ Հ.Հ. Օհանյան, Ս.Հ. Էքսուզյան ; ՀՀ ԿԳՄՍՆ, ՀԱՊՀ, Վանաձորի մասնաճյուղ, Մաթեմատիկայի և ծրագրային ճարտարագիտության ամբիոն ; [Խմբագիր՝ Ն.Ա. Խաչատրյան].
260 _aԵրևան :
_bՃարտարագետ,
_c2023-
300 _aմաս ;
_c20 սմ.
505 1 0 _gՄ. 1 (2023; 208 էջ) ;
_gՄ. 2 (2024; 150 էջ)
650 1 4 _aՀամակարգչային ծրագրավորում
_vԽնդիրների ժողովածու
700 1 _aՕհանյան, Հ.Հ.
_eգրախոս
_4rev
700 1 _aԷքսուզյան, Ս.Հ.
_eգրախոս
_4rev
700 1 _aԽաչատրյան, Ն.Ա.
_eխմբագիր
_4edt
710 2 _aՀայաստանի Հանրապետության կրթության, գիտության, մշակույթի և սպորտի նախարարություն
710 2 _aՀայաստանի ազգային պոլիտեխնիկական համալսարանի Վանաձորի մասնաճյուղ:
_bՄաթեմատիկայի և ծրագրային ճարտարագիտության ամբիոն
942 _2udc
_cBK
090 _c566184
999 _c528017
_d528017